| 000 | 00760nam a2200229Ia 4500 | ||
|---|---|---|---|
| 005 | 20230616101940.0 | ||
| 008 | 131103s9999 xx 000 0 und d | ||
| 020 |
_a231124279 _cRs 350 |
||
| 040 | _aLoreto College | ||
| 041 | _aEnglish | ||
| 082 |
_a811.54 _bPLA-BRE |
||
| 245 | 4 |
_aThe poetry of Sylvia Plath _cEdited by Claire Brennan Consultant editor: NicolasTredell |
|
| 260 |
_aNew York _bColumbia University Press _c1999 |
||
| 300 | _a202p | ||
| 440 | _aColumbia Critical Guides | ||
| 504 | _aIncludes bibliographical references and index | ||
| 650 | _aPlath, Sylvia - Criticism and interpretation | ||
| 651 | _aWomen and literature - United States - History - 20th Century | ||
| 700 | _aBrennan, Claire, ed | ||
| 850 | _aLCLIB | ||
| 942 | _cBK | ||
| 999 |
_c20203 _d70682 |
||